000 01051nam a2200349 a 4500
001 000112697
003 CHAP
005 20220329144318.0
008 160929s2008 mx |r| ||||||spa d
010 _a109158
011 _a110130
020 _a9786080204496
040 _cCHAP
082 0 4 _a302.2
_bT31
100 0 0 _aTenorio, Raymundo Pablo
_9112280
245 0 _aExpresión oral y escrita :
_belementos teóricos y analítica del discurso.
250 _apor Raymundo Pablo Tenorio
260 _aChapingo, Méx. :
_bUACH.,
_c2008.
300 _a195 P.
590 _aBATCH-UPD
_b05
_c20160929
_lUCH01
_h1117
590 _aE11695DGD
_b10
_c20161114
_lUCH01
_h1124
590 _aE5765TAJ
_b05
_c20160929
_lUCH01
_h1117
590 _aE5765TAJ
_b05
_c20160929
_lUCH01
_h1119
650 1 4 _aAnálisis del discurso.
_9131112
650 1 4 _aComunicación escrita.
_9131111
650 1 4 _aComunicación oral.
_926238
650 1 4 _aRedacción.
_995359
650 1 4 _aSemiología
_x(Lingüistica)
_9131113
901 _aBK
942 _cLIBRO
942 _n0
999 _c109158
_d109158